000 01167nam0a22003131 4500
001 rc\3502651
005 20250610025147.0
021 _aRU
_b[70-88749]
035 _a(NLR Aleph) 007653757
090 _a6257187
_c6257187
100 _a20130115d1970 |||y0rusy50 ca
101 0 _aeng
_arus
102 _aRU
105 _ay e |||||
200 1 _aКарманный англо-русский словарь
_e7600 слов
_fСост. О.П. Бенюх и Г.В. Чернов
205 _a8-е изд., испр. и доп.
210 _aМосква
_cСов. энциклопедия
_d1970
215 _a831 с.
_d8
300 _aНа пер. сост. не указаны
300 _aНа пер. и корешке загл.: Англо-русский словарь
516 0 _aАнгло-русский словарь
608 _aАнгло-русские словари
_2psbo
700 1 _aБенюх
_bО.П.
_gОлег Петрович
_4220
701 1 _aЧернов
_bГ.В.
_gГелий Васильевич
_4220
801 0 _aRU
_bNLR
_gpsbo
801 1 _aRU
_bELAR
_2rusmarc
852 _aNLR
_j186анг.рус/Б46
942 _cBOOK
980 _aNB